000 00601nam a2200193 4500
001 110400
003 ES-MaACL
007 t|
008 061121s1982 sp r ||||1| spa d
100 1 _aOrdóñez Cortés, Luis.
_987198
245 1 0 _aCabalgando sobre mis pensamientos /
_cLuis Ordóñez Cortés.
260 _a[La Carolina ( Jaén) :
_bs.n.,
_c1982 (
_fGráf. Ramírez])
300 _a92 p. ;
_c21 cm.
490 1 _aLa peñuela ;
_v17
830 0 3 _aLa peñuela (Serie) ;
_v17
_9236651
852 _aES-MaACL
_jL-3429
_bR.104306
_9114578
942 _2udc
999 _c110400
_d110400